| 000 | 00618nam a2200193 i 4500 | ||
|---|---|---|---|
| 001 | 30325 | ||
| 003 | ES-MaACL | ||
| 005 | 20230906154157.0 | ||
| 007 | t| | ||
| 008 | 030124s1971 sp ||||1| spa d | ||
| 080 | _a821.134.2-14"19" | ||
| 100 | 1 |
_aBasterra, Ramón de, _d1888-1928 _926353 |
|
| 245 | 1 | 0 |
_aLlama romance / _cRamón de Basterra ; edición y prólogo de Guillermo Díaz Plaja. |
| 260 |
_aBilbao : _b[s.n., _c1971] ( _fImp. Provincial de Vizcaya) |
||
| 300 |
_a127 p. ; _c24 cm. |
||
| 700 | 1 |
_aDíaz-Plaja, Guillermo, _d1909-1984 _9162428 |
|
| 852 |
_aES-MaACL _jC-40986 _bR.79944 |
||
| 999 |
_c30325 _d30325 |
||